Quiz da Malásia - Statistics

Estatísticas Gerais
  • Esse quiz foi jogado 636 vezes
  • A pontuação média é 11 de 18
Estatísticas das Respostas
Dica Resposta % Correto
Países fazendo fronteira com a Malásia Indonésia
94%
Países fazendo fronteira com a Malásia Tailândia
89%
Capital Kuala Lumpur
88%
País que se tornou independente da Malásia em 1965 Singapura
86%
Países fazendo fronteira com a Malásia Brunei
81%
País do qual a Malásia ganhou sua independência em 1957 Reino Unido
81%
Religião principal Islã
79%
Símbolo no canto superior esquerdo da bandeira da Malásia Lua Crescente
78%
Grão básico Arroz
65%
Ilha onde a parte oriental da Malásia está situada Bornéu
56%
Península que a parte ocidental da Malásia compartilha com a, Tailândia, Vietnã e outros ... Indochina
47%
Animal nacional {Tigre}-malaio
45%
Mar onde a China tem disputas territoriais com a Malásia (e vários outros países) Mar da China Meridional
43%
Os edifícios mais altos da Malásia, já foram os mais altos do mundo Petronas Twin Towers
35%
Estreito localizado entre a Malásia e Sumatra Estreito de {Malaca}
28%
Segunda maior área urbana da Malásia, nomeada em homenagem à um rei britânico George Town
23%
Moeda oficial Ringgit
21%
Cidade da Malásia localizada ao norte daquele país Johor Bahru
19%
Nenhum quiz correspondente encontrado
Distribuição das Pontuações
Porcentagem de Pessoas com Cada Pontuação
Percentil de Números Respondidos
Sua Pontuação Histórica
Você não jogou esse quiz